<?xml version="1.0" encoding="UTF-8"?><?xml-stylesheet type="text/xsl" href="static/style.xsl"?><OAI-PMH xmlns="http://www.openarchives.org/OAI/2.0/" xmlns:xsi="http://www.w3.org/2001/XMLSchema-instance" xsi:schemaLocation="http://www.openarchives.org/OAI/2.0/ http://www.openarchives.org/OAI/2.0/OAI-PMH.xsd"><responseDate>2026-04-17T03:15:14Z</responseDate><request verb="GetRecord" identifier="oai:www.recercat.cat:10459.1/83872" metadataPrefix="marc">https://recercat.cat/oai/request</request><GetRecord><record><header><identifier>oai:recercat.cat:10459.1/83872</identifier><datestamp>2024-12-04T15:29:21Z</datestamp><setSpec>com_2072_3622</setSpec><setSpec>col_2072_478537</setSpec></header><metadata><record xmlns="http://www.loc.gov/MARC21/slim" xmlns:dcterms="http://purl.org/dc/terms/" xmlns:xsi="http://www.w3.org/2001/XMLSchema-instance" xmlns:doc="http://www.lyncode.com/xoai" xsi:schemaLocation="http://www.loc.gov/MARC21/slim http://www.loc.gov/standards/marcxml/schema/MARC21slim.xsd">
   <leader>00925njm 22002777a 4500</leader>
   <datafield ind2=" " ind1=" " tag="042">
      <subfield code="a">dc</subfield>
   </datafield>
   <datafield ind2=" " ind1=" " tag="720">
      <subfield code="a">Camats Felip, Guillem</subfield>
      <subfield code="e">author</subfield>
   </datafield>
   <datafield ind2=" " ind1=" " tag="260">
      <subfield code="c">2022-09-27T07:49:06Z</subfield>
   </datafield>
   <datafield ind2=" " ind1=" " tag="260">
      <subfield code="c">2022-09-27T07:49:06Z</subfield>
   </datafield>
   <datafield ind2=" " ind1=" " tag="260">
      <subfield code="c">2022-09</subfield>
   </datafield>
   <datafield ind2=" " ind1=" " tag="520">
      <subfield code="a">Cada any milers de cultius s´on destru¨ıts per les plagues i malalties. Per aquest motiu en aquest projecte&#xd;
s’ha desenvolupat una aplicaci´o Android amb un model de visi´o artificial integrat en ella, la qual ´es capa¸c&#xd;
de diagnosticar certes malalties visibles en les fulles dels pomers. Per a fer-ho s’han utilitzat els models&#xd;
pre-entrenats Efficientnet-lite4 i Mobilenet-V2, els quals s’han tornat a entrenar amb el conjunt de dades del&#xd;
Plant Pathology - FGCV8, un conjunt de dades obert per a l’´us d’una competici´o. El model elegit ha sigut&#xd;
Mobilenet, ja que aquest presentava un millor rendiment, pel fet que pesava 10 MB menys que Efficientnet.&#xd;
Ha assolit una precisi´o comprovada del 85,21%. La resta de l’aplicaci´o est`a muntada de manera que es pot&#xd;
guardar la localitzaci´o del terreny i de la mostra, per enviar les dades a un Liquid Galaxy per al control de&#xd;
les plagues.</subfield>
   </datafield>
   <datafield ind1="8" ind2=" " tag="024">
      <subfield code="a">http://hdl.handle.net/10459.1/83872</subfield>
   </datafield>
   <datafield tag="653" ind2=" " ind1=" ">
      <subfield code="a">Android</subfield>
   </datafield>
   <datafield tag="653" ind2=" " ind1=" ">
      <subfield code="a">Kotlin</subfield>
   </datafield>
   <datafield tag="653" ind2=" " ind1=" ">
      <subfield code="a">Java</subfield>
   </datafield>
   <datafield tag="653" ind2=" " ind1=" ">
      <subfield code="a">Liquid Galaxy</subfield>
   </datafield>
   <datafield tag="653" ind2=" " ind1=" ">
      <subfield code="a">Android (Sistema operatiu)</subfield>
   </datafield>
   <datafield tag="653" ind2=" " ind1=" ">
      <subfield code="a">Liquid Galaxy</subfield>
   </datafield>
   <datafield ind2="0" ind1="0" tag="245">
      <subfield code="a">CropDoc for Android</subfield>
   </datafield>
</record></metadata></record></GetRecord></OAI-PMH>